000 02304cam a22001814a 4500
005 20250605164328.0
008 250528s ||||||||||||||||||||||||d
035 _a23136
040 _aGR-AtMCL
_bgre
_dGR-AtMCL
_eAACR2
245 1 _aΜεθοδολογία Επιστημονικής Έρευνας.
_nΤόμος 1
260 _bΑθήνα,
_c1993
300 _a212
520 _aΈννοια, χαρακτηριστικά, είδη και στάδια της επιστημονικής έρευνας, επιλογή και διατύπωση του ερευνητικού προβλήματος, ερευνητικές στρατηγικές: Διερευνητική περιγραφική συναφειακη αιτιώδης ex post factor πειραματική, σχέδια πειραματικής έρευνας. Πρόλογος, Περιεχόμενα, Έννοια της Επιστημονικής Έρευνας, Χαρακτηριστικά της Επιστημονικής Έρευνας, Είδη της Επιστημονικής Έρευνας, Στάδια της Επιστημονικής Έρευνας, Επιλογή και Διατύπωση του Ερευνητικού Προβλήματος, Κριτήρια Επιλογής του Ερευνητικού Προβλήματος, Διαδικασία Επιλογής του Ερευνητικού Προβλήματος, Ανασκόπηση της Βιβλιογραφίας, Διατύπωση των Συγκεκριμένων Ερωτηματων του Ερευνητικού Προβλήματος, Επιλογή Ερευνητικής Στρατηγικής Ι: Εισαγωγικό Μέρος, Έννοια και Χρησιμότητα και Είδη Ερευνητικών Στρατηγικών, Επιλογή Ερευνητικής Στρατηγικής ΙΙ: Νατουραλιστικές Στρατηγικές, Διερευνητική Περιγραφική Στρατηγική, Συναφειακή Στρατηγική (Αριθμητικοί Δείκτες Συνάφειας), Σύγκριση Διαφορικών Ομάδων (ex post facto σύγκριση).
700 1 _aΠαρασκευοπουλος Ιωαννης Ν
_92858
942 _cBK
999 _c8166
_d8166